| 000 | 00335nam a2200133Ia 4500 | ||
|---|---|---|---|
| 008 | 230413s9999||||xx |||||||||||||| ||und|| | ||
| 020 | _a9781404112650 | ||
| 082 |
_a658.4063 _bW3651 |
||
| 100 | _aWebb, Nicholas J | ||
| 245 | 4 | _aThe innovation mandate | |
| 260 |
_bHarperCollins Leadership _c2019 |
||
| 300 | _axv, 207p. | ||
| 942 | _cBK | ||
| 999 |
_c26472 _d26472 |
||